| 000 | 00868nam a2200265 i 4500 | ||
|---|---|---|---|
| 001 | 95462 | ||
| 003 | ES-MaACL | ||
| 005 | 20250805063251.0 | ||
| 007 | t| | ||
| 008 | 050530s1970 sp ||||1| spa d | ||
| 017 |
_aB 18385-1970 _bOficina Depósito Legal Barcelona |
||
| 080 | _a929 King, Martin Luther | ||
| 100 | 1 |
_aLlarch, Joan, _d1920-1987 _eaut _972722 |
|
| 245 | 1 | 0 |
_aMartin Luther King : _buna vida por la paz / _cJoan Llarch |
| 250 | _a1ª ed. | ||
| 260 |
_aBarcelona : _bJuventud, _c1970 |
||
| 300 |
_a171 páginas ; _c18 cm |
||
| 490 | 1 |
_aLibros de bolsillo (Juventud) ; _v184 _9241573 |
|
| 600 | 1 | 4 |
_aKing, Martin Luther, _d1929-1968 _968063 |
| 830 | 0 |
_aLibros de bolsillo (Juventud) ; _v184 _9241573 |
|
| 852 |
_aES-MaACL _cDEPO2 _jC-42530 |
||
| 942 |
_2udc _cMONOGRAFIA _n0 |
||
| 999 |
_c95462 _d95462 |
||